|
|
|
|
| LEADER |
00000nam0a2200000 4500 |
| 001 |
207778 |
| 005 |
20231101225424.0 |
| 010 |
|
|
|a 9780194304856
|
| 035 |
|
|
|a (RuTPU)RU\TPU\book\226733
|
| 035 |
|
|
|a RU\TPU\book\226720
|
| 090 |
|
|
|a 207778
|
| 100 |
|
|
|a 20120127d2012 m y0rusy50 ca
|
| 101 |
0 |
|
|a eng
|
| 102 |
|
|
|a GB
|
| 105 |
|
|
|a a j 000zy
|
| 200 |
1 |
|
|a English Result. Upper-intermediate
|e Teacher's Book
|f A. McDonald, M. Hancock
|
| 210 |
|
|
|a Oxford
|c Oxford University Press
|d 2012
|
| 215 |
|
|
|a 194 p.
|c il.
|e CD-ROM
|
| 330 |
|
|
|a Help students learn the language they need and put it into practice immediately with English Result. Teacher's Resource Pack includes: Teacher's Book with Interleaved Student's Book pages, Full notes, including warmers, extra activities, and culture notes, Checklists for monitoring and assessing students' spoken performance, Photocopiable Tests for every Student's Book unit.
|
| 606 |
1 |
|
|a Английский язык
|x Учебные руководства и пособия
|x Учебные руководства и пособия для высшей школы
|2 stltpush
|3 (RuTPU)RU\TPU\subj\29071
|9 52483
|
| 606 |
1 |
|
|a Английский язык
|x Содержание и методика преподавания языка в высшей школе
|2 stltpush
|3 (RuTPU)RU\TPU\subj\29068
|9 52480
|
| 610 |
1 |
|
|a лексика
|
| 610 |
1 |
|
|a грамматика
|
| 610 |
1 |
|
|a разговорная речь
|
| 610 |
1 |
|
|a упражнения
|
| 610 |
1 |
|
|a CD-ROM
|
| 610 |
1 |
|
|a методика
|
| 610 |
1 |
|
|a образование
|
| 610 |
1 |
|
|a обучение
|
| 686 |
|
|
|a Ш143.21-923
|v LBC/SL-A
|2 rubbk
|
| 686 |
|
|
|a Ш143.21-91
|v LBC/SL-A
|2 rubbk
|
| 700 |
|
1 |
|a McDonald
|b A.
|g Annie
|
| 701 |
|
1 |
|a Hancock
|b M.
|g Mark
|
| 801 |
|
1 |
|a RU
|b 63413507
|c 20120126
|
| 801 |
|
2 |
|a RU
|b 63413507
|c 20170608
|g RCR
|
| 942 |
|
|
|c BK
|